[Event "Washington Class Championships"]
[Site "SeaTac City, WA"]
[Date "2011.11.25"]
[Round "1"]
[White "Bishop Alan  (WA)"]
[Black "Bartron Paul  (WA)"]
[Result "0-1"]
[WhiteElo "2029"]
[BlackElo "2104"]
[Annotator ""]
[Source ""]
[Remark "Expert"]

1.e4 c5 2.Nf3 d6 3.d4 cxd4 4.Nxd4 Nf6 5.Nc3 a6 6.f3 e6 7.Be3
Be7 8.Qd2 b5 9.g4 Bb7 10.g5 Nfd7 11.h4 b4 12.Na4 ( 12.Nce2 d5
13.exd5 Bxd5 14.Nf4 Ne5 15.Nxd5 Qxd5 16.Qe2 Nbc6 17.Nxc6 Nxc6
18.Bg2 Nd4 19.Qf2 Rd8 20.O-O-O e5 21.Kb1 Qc4 22.f4 Bc5 23.fxe5
O-O 24.b3 Qc3 25.Rd3 {1-0, Damaso Rui (POR) 2446 - Diogo Vasco (POR) 2155, Vila Real (Portugal) 2005.08.03}
) d5 13.exd5 Bxd5 14.Bg2 Qa5 15.b3 Nc6 16.O-O-O Rc8 17.Nf5 O-O
18.Rhg1  Rfd8 19.h5 exf5 20.Qxd5 Nc5 21.Qc4 Ne5 22.Rxd8+
Rxd8 23.Qe2 Nxa4 24.bxa4 f4 25.Bxf4 Nd3+ 26.Kb1 Nxf4 27.Qxe7
Nd5 28.Qb7 Nc3+ 29.Kb2 Qxa4 0-1

[Event "Washington Class Championships"]
[Site "SeaTac City, WA"]
[Date "2011.11.25"]
[Round "1"]
[White "Dutton Carl  (WA)"]
[Black "Varner Murlin  (WA)"]
[Result "0-1"]
[WhiteElo "1451"]
[BlackElo "1500"]
[Annotator ""]
[Source ""]
[Remark "C"]

1.e4 e6 2.d4 d5 3.e5 c5 4.c3 Nc6 5.Nf3 f6 6.exf6 Nxf6 7.Bb5 a6
8.Bxc6+ ( 8.Bxc6+ bxc6 9.Ne5 Bd7 10.Qe2 cxd4 11.Nxc6 Bxc6 12.Qxe6+
Qe7 13.Qxe7+ Bxe7 14.cxd4 O-O 15.O-O Rfe8 16.Nc3 Bb4 17.Bf4 Bxc3
18.bxc3 Ne4 19.Rfc1 g5 20.Be5 Rad8 21.f3 Nd6 22.Bf6 Rb8 23.Bxg5
Re6 24.Bf4 Rbe8 25.Rab1 Bb5 26.Ra1 Nc4 27.a4 Bc6 28.Rcb1 Bd7
{1/2-1/2, Visser Richard - Zoutman Floris 1795, Hengelo (Netherlands) 1995}
) bxc6 9.Ne5 Qc7 10.Bg5 Be7 11.Bxf6 Bxf6 12.Qh5+ g6 13.Qe2 cxd4
14.cxd4 O-O 15.O-O c5 16.Rc1 Bxe5 17.dxe5 c4 {?!} ( 17...Rf5
18.Re1 Bb7 ) 18.b3 Rf5 19.g3 Rxe5 20.Qd2 Bb7 21.bxc4 {?} dxc4
22.Na3 {??} Bd5 {?} ( 22...Qc6 23.Qd8+ Rxd8 
24.f3 Qxf3 25.Rc2 Qh1+ 
26.Kf2 Qg2# {-299.95|d10 Shredder 9.11} )
23.Qc3 Rf8 {!} 24.Nxc4 {??} Bxc4 25.Qxc4 {?} Re1+ {!} 26.Kg2
Qxc4 27.Rxc4 Rxa1 28.Ra4 Ra8 29.f4 Kf7 30.Kh3 h6 31.Kg4 Kf6 32.h4
h5+ 33.Kf3 Rc1 34.g4 Rc3+ 35.Kg2 hxg4 36.Kf2 a5 37.Kg2 Kf5 38.Kf2
Rf3+ 39.Kg2 Rxf4 40.Ra3 a4 41.Kh2 Rb8 42.Kg2 Rb2+ 43.Kg3 Rf3+
( 43...Rf1 44.h5 Rg1+ 45.Kh4 g5# {-299.97|d1 Shredder 9.11} ) 0-1

[Event "Washington Class Championships"]
[Site "SeaTac City, WA"]
[Date "2011.11.25"]
[Round "2"]
[White "Varner Murlin  (WA)"]
[Black "Wilson Diallo  (WA)"]
[Result "1-0"]
[WhiteElo "1500"]
[BlackElo "1470"]
[Annotator ""]
[Source ""]
[Remark "C"]

1.e4 e5 2.f4 d6 3.Nf3 f6 4.Bc4 Nc6 5.O-O exf4 6.d3  Bg4
7.Bxf4 g5 8.Bg3 Nd4 9.Nbd2 Ne7 10.c3 Nxf3+ 11.Nxf3 Qd7 12.Qb3
O-O-O 13.h3 d5 14.Bxd5 Nxd5 15.Qxd5 Qe7 16.Qc4 Be6 17.Qa4 a6
18.Nd4 h5 19.Nxe6 Qxe6 20.Rad1 h4 21.Bh2 Be7 22.Qa5 Bd6 23.Qf5
Qxf5 24.Rxf5 Bxh2+ 25.Kxh2 Rhf8 26.d4 Rde8 27.Re1 Kd7 28.Kg1
Ke6 29.Ref1 c6 30.e5 Rf7 31.Rxf6+ Rxf6 32.Rxf6+ Kd5 33.Kf2 Ke4
34.Rf3 Re7 35.g4 Kd5 36.b3 c5 37.Ke3 cxd4+ 38.cxd4 Rc7 39.Kd3
Rc1 40.a4 Rd1+ 41.Kc3 Rxd4 42.Re3 Rf4 43.e6 Rf8 44.e7 Re8 45.Kb4
Kc6 46.Re5 Kd7 47.Rxg5 Rh8 48.Re5 b6 49.a5 b5 50.Kc5 Rc8+ 51.Kb6
Rc6+ 52.Kb7 Rc7+ 53.Kxa6 Rc8 54.e8Q+ Rxe8 55.Rxe8 Kxe8 56.Kxb5
Kd7 57.Kb6 Kc8 58.a6 Kb8 59.g5 Ka8 60.g6 Kb8 61.g7 Kc8 62.g8Q+
Kd7 63.Qg6 Kd8 64.Qf7 Kc8 65.Qc7# 1-0

[Event "Washington Class Championships"]
[Site "SeaTac City, WA"]
[Date "2011.11.25"]
[Round "1"]
[White "Feng Roland  (WA)"]
[Black "Sinanan Joshua  (WA)"]
[Result "0-1"]
[WhiteElo "2088"]
[BlackElo "2288"]
[Annotator ""]
[Source ""]
[Remark "Master"]

1.d4 Nf6 2.c4 e6 3.Nc3 Bb4 4.Qc2 O-O 5.a3 Bxc3+ 6.Qxc3 b5 7.Qf3
d5 8.cxb5 ( 8.cxb5 c6 9.Bg5 cxb5 10.Bxf6 Qxf6 11.Qxf6 gxf6 12.e3
Bd7 13.Nf3 Rc8 14.Bd3 b4 15.Ke2 bxa3 16.bxa3 Ba4 17.Nd2 Nc6 18.Ba6
Rcb8 19.Rab1 Rb6 20.Bd3 Rab8 21.Rxb6 Rxb6 22.Rb1 e5 23.Rxb6 axb6
24.dxe5 fxe5 25.e4 Ne7 26.g3 dxe4 27.Nxe4 f5 28.Nd6 e4 29.Ba6
Bb3 30.Bc8 Nc6 31.Nxf5 Ne5 32.Nd6 Bc2 33.Bf5 Bd3+ 34.Ke3 Kf8
35.f4 Nf3 36.h4 Ne1 37.Bxe4 Bxe4 38.Kxe4 Ke7 39.Nc8+ {1-0, Ippolito Dean (USA) 2397 - Carlsson Pontus (SWE) 2492, Gibraltar (England) 2007.01.31}
) a6 9.Bf4 axb5 10.Qc3 Na6 11.f3 c5 12.dxc5 d4 13.Qc2 Nd5 14.Bd6
Ne3 15.Qe4 Bb7 16.Qxb7 Nc2+ 17.Kf2 Nxa1 18.b4 Nc2 19.Qxb5 Nxa3
20.Qb7 Qc8 21.Qe4 Rd8 22.e3 dxe3+ 23.Kxe3 Nxb4 24.Kf2 Nac2 25.Bc4
Rxd6 26.cxd6 Qc5+ 27.Kg3 Qxd6+ 28.Kh3 Ra1 29.g3 g6 30.f4 Qc5
31.Bd3 Nxd3 32.Qxd3 Qh5+ 0-1

[Event "Washington Class Championships"]
[Site "SeaTac City, WA"]
[Date "2011.11.26"]
[Round "3"]
[White "Wang James  (WA)"]
[Black "Varner Murlin  (WA)"]
[Result "0-1"]
[WhiteElo "1409"]
[BlackElo "1500"]
[Annotator ""]
[Source ""]
[Remark "C"]

1.e4 e6 2.d4 d5 3.exd5 exd5 4.Nc3 Bb4 5.Nf3 Nc6 6.Bb5 Nge7 7.O-O
O-O 8.Bg5 f6 ( 8...f6 9.Be3 Bg4 10.Be2 Re8 11.h3 Bh5 12.g4 Bf7
13.Ne1 Ng6 14.Ng2 a6 15.Qd2 Qd7 16.Bd3 Ba5 17.a3 Nce7 18.f4 f5
19.b4 Bb6 20.Ne2 fxg4 21.f5 Nf8 22.hxg4 c6 23.Rad1 Nc8 24.c3
Nd6 25.Bf4 Ne4 26.Qc2 Nf6 27.g5 Ne4 28.Bxe4 dxe4 29.Ng3 Bc4 30.Rf2
Bd3 31.Qb3+ Qd5 32.Qxd5+ cxd5 33.Ne3 Red8 34.Ng4 Rac8 35.Bd2
Bc7 36.Ne5 Bb5 37.f6 g6 38.Re2 Nd7 39.Ng4 Nb6 40.Ne5 Bxe5 41.dxe5
Nc4 42.e6 Rd6 43.e7 Kf7 44.Rh2 Rh8 45.Nf1 Bd7 46.Re1 h5 47.Bf4
Rc6 48.Ne3 Nxe3 49.Rxe3 Rhc8 50.Be5 b5 51.Bd4 Rh8 52.Rh4 Ra8
53.Rh2 a5 54.Bc5 Re6 55.Bd4 axb4 56.axb4 Rea6 57.Rd2 Ra1+ 58.Kf2
R1a2 59.Ree2 Rxd2 60.Rxd2 Bc6 61.Kg3 Be8 62.Bb6 Ke6 63.Ba5 Rc8
64.Kf4 Rxc3 65.Rf2 Bd7 66.Bb6 Kf7 67.Ra2 Rf3+ 68.Ke5 Rf5+ 69.Kd6
Be8 70.Be3 Rf3 71.Re2 h4 72.Kxd5 Rh3 73.Kxe4 Rh1 74.Bf4 Rb1 75.Rh2
Rxb4+ 76.Ke5 Kg8 77.Rxh4 Rc4 78.Ke6 Bf7+ 79.Kd7 Rd4+ 80.Kc6 b4
81.Bg3 Rxh4 82.Bxh4 b3 83.Kd7 b2 84.e8Q+ Bxe8+ 85.Kxe8 b1Q 86.f7+
Kh7 87.f8Q Qe4+ 88.Kd7 Qf5+ 89.Qxf5 gxf5 90.Bg3 Kg7 91.Bf4 Kf7
92.Kd6 Kg6 93.Ke6 Kg7 94.Kxf5 Kf7 95.g6+ Kg7 96.Bg5 Kf8 97.Kf6
Kg8 98.Bc1 Kf8 99.Kg5 Kg7 {1-0, Brebion Jean Francois - Fournier Alain (FRA) 1452, Bethune (France) 2003.12.27}
) 9.Be3 a6 10.Bd3 Bg4 11.h3 Bh5 12.a3 Bxc3 13.bxc3 b5 14.a4 b4
15.c4 dxc4 16.Bxc4+ Bf7 17.Bd3 a5 18.Nh4 Qe8 19.Nf5 Nxf5 20.Bxf5
Bg6 21.Bg4 Rd8 22.d5 f5 23.Be2 Bf7 24.Bc5 {??} Rxd5 25.Bxf8 Rxd1
26.Bxd1 Bc4 {!} 27.Bc5 Qe5 {?!} ( 27...Bxf1 28.Bxb4 Bxg2 29.Kxg2
Nxb4 ) 28.Be2 Bxe2 29.Rfe1 Qxc5 30.Rxe2 Nd4 31.Re3 f4
( 31...Qxc2 ) 32.Rd3 Qe5 33.Rad1 c5 34.Kh1 Nxc2 {?}
( 34...Qe8 ) 35.Rd8+ Kf7 36.R8d7+ Ke6 37.Rd8 c4 38.Re8+ Kf6 39.Rxe5
Kxe5 40.Kg1 c3 41.Kf1 Ke4 42.Ke2 Nd4+ 43.Ke1 c2 44.Ra1 Nb3 45.f3+
Ke3 0-1

[Event "Washington Class Championships"]
[Site "SeaTac City, WA"]
[Date "2011.11.25"]
[Round "1"]
[White "Sullivan Brian  (CAN)"]
[Black "Whitmer Charles  (WA)"]
[Result "0-1"]
[WhiteElo "1653"]
[BlackElo "1720"]
[Annotator ""]
[Source ""]
[Remark "B"]

1.e4 c5 2.Nf3 d6 3.d4 cxd4 4.Nxd4 Nf6 5.Nc3 a6 6.Be2 e6 7.Be3
Be7 8.O-O Qc7 9.f4 b5 10.a3 Bb7 11.Bf3 Nbd7 12.Nde2 O-O 13.g4
Nb6 ( 13...Nb6 14.Bxb6 Qxb6+ 15.Qd4 Qc7 16.Kg2 Rac8 17.Ng3 Rfd8
18.g5 Nd7 19.h4 Nb6 20.Be2 d5 21.Nh5 Bf8 22.Rac1 dxe4 23.Qe5
Qxe5 24.fxe5 Nd5 25.Nxd5 exd5 26.Bg4 Re8 27.Bxc8 Bxc8 28.e6 fxe6
29.Rcd1 Rd8 30.Nf4 d4 31.g6 h6 32.Ne2 e5 33.Ng3 e3 34.Rfe1 Be7
35.h5 Bg4 36.Rd3 e4 37.Nxe4 Bxh5 38.Ng3 Bxg6 39.Rdd1 Bxc2 40.Rc1
d3 {0-1, Haugen Arild - Storland Knut H (NOR) 2258, Randaberg (Norway) 1991}
) 14.b3 Rfd8 15.g5 Ne8 16.Qd2 d5 17.e5 Rac8 18.h4 g6 19.h5 Ng7
20.hxg6 hxg6 21.Rf2 Nf5 22.Bg4 d4 23.Bxf5 dxc3 24.Qe1 exf5 25.Rh2
Kg7 26.Bd4 Bc5 27.Rd1 Rh8 28.Qxc3 Bxd4+ 29.Qxd4 Qc5 30.Qxc5 Rxc5
31.Rxh8 Kxh8 32.Rd8+ Kg7 33.Nd4 Bc8 34.Kf2 Rd5 35.Rd6 Rxd6 36.exd6
Bd7 37.Nf3 f6 38.Ke3 Kf7 39.Kd4 Ke6 40.gxf6 Kxf6 41.Kc5 Nc8 42.Ng5
Kg7 43.Kd5 a5 44.c4 a4 45.bxa4 Nb6+ 46.Kd4 bxc4 47.a5 c3 48.Kxc3
Nc8 49.Kd4 Nxd6 50.Kc5 Ne4+ 51.Nxe4 fxe4 52.Kd4 Bc6 0-1

[Event "Washington Class Championships"]
[Site "SeaTac City, WA"]
[Date "2011.11.25"]
[Round "1"]
[White "Bragg David  (WA)"]
[Black "Sen Samir  (WA)"]
[Result "1/2-1/2"]
[WhiteElo "2228"]
[BlackElo "2067"]
[Annotator ""]
[Source ""]
[Remark "Master"]

1.e4 c5 2.Nf3 Nc6 3.d4 cxd4 4.Nxd4 Nf6 5.Nc3 e5 6.Ndb5 h6 7.Nd6+
Bxd6 8.Qxd6 Qe7 9.Qxe7+ Kxe7 10.Be3 d6 11.f3 Be6 12.O-O-O a6
13.Bb6 Rac8 14.a3  Nd7 15.Bf2 Na5 16.Nd5+ Bxd5 17.Rxd5
Nc4 18.g3 Rc6 19.Bh3 Rhc8 20.Rhd1 R8c7 21.Bxd7 Rxd7 22.R5d3 Rdc7
23.c3 b5 24.Kc2 Ke6 25.Ra1 Nb6 26.b3 a5 27.Rad1 a4 28.Bxb6 Rxb6
29.b4 Rbc6 30.Kb2 g6 31.Rd5 Rxc3 32.Rxd6+ Ke7 33.Rd7+ Rxd7 34.Rxd7+
1/2-1/2

[Event "Washington Class Championships"]
[Site "SeaTac City, WA"]
[Date "2011.11.25"]
[Round "1"]
[White "He Samuel  (WA)"]
[Black "May Sarah  (WA)"]
[Result "1-0"]
[WhiteElo "1917"]
[BlackElo "1820"]
[Annotator ""]
[Source ""]
[Remark "A"]

1.d4 d5 2.c4 c6 3.Nf3 Nf6 4.Nc3 e6 5.Bg5 Be7 6.e3 O-O 7.Qc2 h6
8.Bxf6 Bxf6 9.cxd5 exd5 10.Bd3 b6 11.b4 ( 11.b4 Qe7 12.a3 Bg4
13.O-O Nd7 14.Nd2 Qe6 15.Nb3 Rac8 16.Ba6 Rce8 17.Rac1 c5 18.Bb7
cxd4 19.Bxd5 Qd6 20.Nxd4 Rc8 21.Qb3 Bxd4 22.exd4 Nf6 23.Bb7 Rcd8
24.d5 Rfe8 25.Rfe1 Qf4 26.Qc2 Bf5 27.Qb2 Ng4 28.g3 Qg5 29.Bc6
Ne5 30.Rxe5 Rxe5 31.f4 Qe7 32.fxe5 Qxe5 33.Qf2 g5 34.Nb5 h5 35.Re1
Qf6 36.Nd4 {1-0, Candura Stefano (ITA) 2096 - Di-Muccio Lindoro (ITA) 1977, Ischia (Italy) 2000}
) Bb7 12.Rb1 Nd7 13.O-O a5 14.a3 Be7 15.Qb3 axb4 16.axb4 Nf6
17.Rfc1 Bd6 18.Na4 Rc8 19.Bf5 Rb8 20.b5 c5 21.dxc5 bxc5 22.Nxc5
Bxc5 23.Rxc5 Qd6 24.Qc2 Nd7 25.Bxd7 Qxd7 26.Nd4 ( 26.Rc7 ) Rfc8
27.Rc1 Rxc5 28.Qxc5 Rc8 29.Qa3 Rc7 30.Rxc7 Qxc7 31.h3 Qb6 32.Qe7
g6 33.Kh2 Kg7 34.f4 Kg8 35.Qd7 Kg7 36.f5 Kf6 37.fxg6 fxg6 38.h4
h5 39.g3 Ba8 40.Qe8 Qb7 41.Qf8+ Ke5 42.Qf4# 1-0

[Event "Washington Class Championships"]
[Site "SeaTac City, WA"]
[Date "2011.11.25"]
[Round "1"]
[White "Davis Joe  (WA)"]
[Black "Nill Matthew  (WA)"]
[Result "0-1"]
[WhiteElo "1707"]
[BlackElo "1769"]
[Annotator ""]
[Source ""]
[Remark "B"]

1.e4 d5 2.exd5 Nf6 3.d4 Nxd5 4.Nf3 Bg4 5.Bb5+ c6 6.Be2 Bxf3 
7.Bxf3 e6 8.c4 Nb6 9.b3 Be7 10.O-O O-O 11.Nc3 Bf6 12.Ba3 Re8
13.Bc5 Be7 14.Qc2 Bxc5 15.dxc5 N6d7 16.Rad1 Qe7 17.b4 Nf6 18.Rd6
Na6 19.a3 Red8 20.Rfd1 Ne8 21.R6d3 Nac7 22.Qd2 Rxd3 23.Qxd3 Nf6
24.Ne4 Nxe4 25.Bxe4 h6 26.Qd6 Kf8 27.a4 Na6 28.Qd2 Ke8 29.Qc3
Rd8 30.Rxd8+ Qxd8 31.g3 Qd1+ 32.Kg2 Kf8 33.Bc2 Qd8 34.Be4 f6
35.Bf3 e5 36.b5 Nxc5 37.bxc6 e4 38.Bxe4 Nxe4 39.Qb4+ Nd6 40.cxb7
( 40.c5 a5 41.Qd4 bxc6 42.cxd6 Ke8 43.Qa7 g5 
44.f3 f5 45.Kf2 f4 46.Kg2 fxg3 47.hxg3 {+0.70|d19 Shredder 9.11}
) Qb8 41.a5 {??} Qxb7+ 0-1

[Event "Washington Class Championships"]
[Site "SeaTac City, WA"]
[Date "2011.11.25"]
[Round "1"]
[White "Whitmer Audrey  (WA)"]
[Black "Sims LeBron  (WA)"]
[Result "0-1"]
[WhiteElo "861"]
[BlackElo "1095"]
[Annotator ""]
[Source ""]
[Remark "E"]

1.e4 c5 2.Nf3 d6 3.d4 cxd4 4.Nxd4 Nf6 5.Nc3 a6 6.Bg5 e6 7.Be2
Be7 8.O-O Qc7 9.Qd3 Nbd7 10.Rfe1  h6 11.Bh4 g5 12.Bg3
b5 13.a3 Bb7 14.h3 h5 15.h4 gxh4 16.Bxh4 Ng4 17.Bxe7 Kxe7 18.f3
d5 19.fxg4 hxg4 20.g3 Rh3 21.Kg2 Rah8 22.Bxg4 Rh2+ 23.Kf1 Ne5
24.Qd1 Nxg4 25.Qxg4 Qc4+ 26.Nce2 Rh1+ 27.Kf2 R8h2+ 28.Kf3 dxe4+
29.Ke3 Rxe2+ 30.Qxe2 Qc5 31.Rxh1 Qg5+ 32.Kf2 Qf6+ 33.Ke1 Qxd4
34.Qd2 Qe5 35.Qc3 Qg5 36.Qc7+ Kf6 37.Qxb7 {??} Qxg3+ 38.Ke2 Qf3+
39.Kd2 e3+ 40.Kd3 Qxb7 41.Kxe3 Qb6+ 42.Kd3 Qd6+ 43.Ke3 Qe5+ 44.Kd3
Qd5+ 45.Kc3 Qc5+ 46.Kb3 Qc4# 0-1

[Event "Washington Class Championships"]
[Site "SeaTac City, WA"]
[Date "2011.11.25"]
[Round "1"]
[White "Soetedjo James  (WA)"]
[Black "Buck Stephen  (WA)"]
[Result "1/2-1/2"]
[WhiteElo "1645"]
[BlackElo "1700"]
[Annotator ""]
[Source ""]
[Remark "B"]

1.e4 c5 2.Nf3 d6 3.d4 cxd4 4.Nxd4 Nf6 5.Nc3 a6 6.Bg5 e6 7.f4
Be7 8.Qf3 Qc7 9.O-O-O Nbd7 10.Nb3 b5 11.Bxf6 Nxf6 12.a3 
Rb8 13.g4 b4 14.axb4 Rxb4 15.g5 Nd7 16.Rd4 Rxd4 17.Nxd4 Bb7 18.Bd3
Nc5 19.Rg1 Nxd3+ 20.Qxd3 Qc5 21.Re1 O-O 22.h4 d5 23.exd5 Bxd5
24.Nxd5 Qxd5 25.Nf5 Qb7 {?!} ( 25...Bxg5 26.hxg5 Qxf5 27.Qxf5
exf5 ) 26.Nxe7+ Qxe7 27.Qxa6 1/2-1/2

[Event "Washington Class Championships"]
[Site "SeaTac City, WA"]
[Date "2011.11.25"]
[Round "1"]
[White "Pitre H. G.  (WA)"]
[Black "Le Blanc Paul  (CAN)"]
[Result "1-0"]
[WhiteElo "1847"]
[BlackElo "1855"]
[Annotator ""]
[Source ""]
[Remark "A"]

1.e4 c6 2.d4 d5 3.e5 g6 4.f4 h5 5.Nf3 Bg4 6.c4  e6 7.Be2
Ne7 8.Nc3 Nf5 9.cxd5 cxd5 10.O-O Nc6 11.Bb5 Qb6 12.Bxc6+ bxc6
13.Ne2 Be7 14.Qd3 O-O 15.b3 c5 16.h3 Bxf3 17.Rxf3 cxd4 18.g4
hxg4 19.hxg4 Nh6 20.Rg3 Kg7 21.f5 f6 22.Bxh6+ Kxh6 23.Rh3+ Kg7
24.fxg6 Rh8 25.exf6+ Bxf6 26.Rxh8 Rxh8 27.Nf4 e5 28.Nh5+ Kg8
{?} ( 28...Rxh5 29.gxh5 e4 30.h6+ Kxg6 31.Qg3+ Kh7 $15 ) 29.Qf5
d3+ 30.Kg2 Rxh5 31.gxh5 Qd4 32.Rf1 e4 33.h6 1-0

[Event "Washington Class Championships"]
[Site "SeaTac City, WA"]
[Date "2011.11.25"]
[Round "1"]
[White "Mehta Anand  (WA)"]
[Black "Davis Frederick  (WA)"]
[Result "1/2-1/2"]
[WhiteElo "1747"]
[BlackElo "1645"]
[Annotator ""]
[Source ""]
[Remark "B"]

1.Nf3 Nf6 2.d4 g6 3.c4 Bg7 4.Nc3 O-O 5.e4 d6 6.Be2 e5 7.d5 a5
8.Bg5 Qe8 9.h4  h6 10.Bd2 Na6 11.Qc1 Kh7 12.Nh2 Nc5 13.Qc2
Ng8 14.g4 f5 15.h5 fxg4 16.Nxg4 g5 17.O-O-O Nf6 18.Ne3 Qf7 19.Rdg1
Kh8 20.Nf5 Nfxe4 21.Nxh6 Bxh6 22.Nxe4 Bf5 23.f3 Qh7 24.Bd3 Nxd3+
25.Qxd3 Bxe4 26.fxe4 Rg8 27.Rg2 1/2-1/2

[Event "Washington Class Championships"]
[Site "SeaTac City, WA"]
[Date "2011.11.26"]
[Round "4"]
[White "Varner Murlin  (WA)"]
[Black "MacGregor Logan  (WA)"]
[Result "1-0"]
[WhiteElo "1500"]
[BlackElo "1427"]
[Annotator ""]
[Source ""]
[Remark "C"]

1.c4 Nf6 2.Nc3 e6 3.g3 Be7 4.e4 b6  5.Bg2 ( 5.e5 Bb7 6.exf6
Bxh1 7.fxe7 Qxe7 8.d4 $14 ) Bb7 6.d4 c5 7.d5 exd5 8.cxd5
( 8.e5 Ng8 9.Nxd5 ) d6 9.Nf3 Ba6 10.e5 dxe5 11.Nxe5 Bd6 12.Bf4
{?} ( 12.Qa4+ b5 13.Nxb5 O-O 14.Nxd6 Qxd6 15.Nc4 ) O-O 13.Kd2
Re8 ( 13...g5 14.Bxg5 Bxe5 15.Kc2 {%02$17/$19} ) 14.Re1 Bb7 15.Kc2
Na6 16.a3 Rc8 17.Nc6 Rxe1 18.Qxe1 Bxc6 19.Bxd6 {?}
( 19.dxc6 Bxf4 20.Rd1 Qf8 21.gxf4 {%02$14/=} ) Bxd5 {?}
( 19...Ba4+ 20.Nxa4 Qxd6 {%02$15/$17} ) 20.Nxd5 Nxd5 21.Bxd5
Qxd6 22.Bb7 Rb8 23.Bxa6 ( 23.Rd1 Qg6+ 24.Kc1 Qh6+ 25.f4 {%02$16/+-} )
b5 24.Bxb5 Qb6 25.Qe2 Qxb5 26.Qxb5 Rxb5 27.Rd1 Kf8 28.Kc3 a5
29.b3 Rb7 30.Rd5 Re7 {?} 31.Rd8+ 1-0

[Event "Washington Class Championships"]
[Site "SeaTac City, WA"]
[Date "2011.11.26"]
[Round "4"]
[White "Jung Trevor  (WA)"]
[Black "La Madrid Ramone  (WA)"]
[Result "1-0"]
[WhiteElo "911"]
[BlackElo "1095"]
[Annotator ""]
[Source ""]
[Remark "D"]

1.e4 e5 2.Nf3 Nc6 3.Bb5 a6 4.Ba4 b5 5.Bb3 Be7 6.d3 d6 7.O-O Bg4
8.Be3  Nf6 9.Nbd2 Na5 10.Re1  Nxb3 11.cxb3 c5 12.Qc2
Rc8 13.Rac1 d5 14.exd5 Nxd5 15.Nxe5 Nxe3 16.Rxe3 Be6 17.Kh1 O-O
18.f4 Bf5 19.g4 Qd5+ 20.Kg1 Qd4 21.Rce1 Bh4 22.R1e2 Be6 23.Ndf3
Qxf4 24.Nxh4 Bxg4 25.Nxg4 Qxg4+ 26.Ng2 h5 27.Rg3 Qxe2 28.Qxe2
Rfe8 29.Qxh5 c4 30.Qg4 {'time'} 1-0

[Event "Washington Class Championships"]
[Site "SeaTac City, WA"]
[Date "2011.11.26"]
[Round "4"]
[White "Le Blanc Paul  (CAN)"]
[Black "Lawrence Aaron  (WA)"]
[Result "1/2-1/2"]
[WhiteElo "1855"]
[BlackElo "1700"]
[Annotator ""]
[Source ""]
[Remark "A"]

1.d4 Nf6 2.c4 e6 3.g3 Bb4+ 4.Bd2 Bxd2+ 5.Nxd2 d5 6.Ngf3 Nbd7
7.Bg2 b6 8.O-O Bb7 9.Rc1 dxc4  10.Nxc4 O-O 11.Qc2 Rc8
12.Rfd1 Qe7 13.Qa4 a5 14.Nce5 c5 15.Nxd7 Nxd7 16.dxc5 Nxc5 17.Qa3
Rfd8 18.Qe3 Rxd1+ 19.Rxd1 Rd8 20.Rxd8+ Qxd8 21.Qd2 Qxd2 22.Nxd2
Bxg2 23.Kxg2 1/2-1/2

[Event "Washington Class Championships"]
[Site "SeaTac City, WA"]
[Date "2011.11.26"]
[Round "4"]
[White "Huston Aaron  (WA)"]
[Black "Haining Breck  (WA)"]
[Result "0-1"]
[WhiteElo "900"]
[BlackElo "1275"]
[Annotator ""]
[Source ""]
[Remark "E"]

1.e4 g6 2.d4 Bg7 3.c3 d6 4.Bd3 Nf6 5.f4 O-O 6.Nf3 c5 7.O-O b6
8.Qe1  Bb7 9.Qh4 Nxe4 10.Ng5 Nxg5 11.Qxg5 cxd4 12.f5 h6
13.Qh4 g5 14.Bxg5 hxg5 15.f6 {??} gxh4 16.fxg7 Kxg7 17.Nd2 Rg8
18.Rf2 Kf8 19.Raf1 f6 20.Nc4 dxc3 21.bxc3 0-1

[Event "Washington Class Championships"]
[Site "SeaTac City, WA"]
[Date "2011.11.26"]
[Round "6"]
[White "Varner Murlin  (WA)"]
[Black "Dhingra Sangeeta  (WA)"]
[Result "0-1"]
[WhiteElo "1500"]
[BlackElo "1513"]
[Annotator ""]
[Source ""]
[Remark "C"]

1.c4 e5 2.Nc3 Nf6 3.g3 d5 4.cxd5 Nxd5 5.Bg2 Be6 6.e3 c6 7.Nge2
Be7 8.O-O O-O 9.d4 exd4 ( 9...Bf6 10.e4 Nb6 11.dxe5 Bxe5 12.f4
Bf6 13.e5 Be7 14.b3 Na6 15.Ne4 Qxd1 16.Rxd1 Rad8 17.Be3 Nc8 18.N2c3
Nc7 19.Bc5 b6 20.Bxe7 Nxe7 21.Nd6 Ne8 22.Nce4 Bd5 23.Rac1 Nxd6
24.Nxd6 Bxg2 25.Kxg2 c5 26.Nb7 Rb8 27.Rd7 Nc6 28.Rcd1 Nd4 29.Nd6
a6 30.Ra7 Ra8 31.Rb7 Rab8 32.Ra7 Ra8 33.Rb7 {1/2-1/2, Foerster Tobias (GER) 1985 - Hemken Oliver, Rotenburg (Germany) 2000}
) 10.Nxd5 Bxd5 11.Bxd5 Qxd5 12.Qxd4 Qf5 13.Rd1 Bf6 14.Qf4 Qb5
15.Nc3 Bxc3 16.bxc3 Na6 17.Bd2 {?} ( 17.Ba3 c5 18.c4 Qa4 19.Bb2 )
Rad8 18.Rab1 {??} ( 18.Be1 Rxd1 19.Rxd1 Qe2 20.Qd4 ) Rxd2 19.Rxd2
( 19.Rf1 ) Qxb1+ 20.Kg2 Nc5 21.Qd6 {?} Ne4 22.Rd1 Qxa2 23.Qd7
Qxf2+ 24.Kh3 Qxe3 25.Rd4 Nxc3 26.Rg4 Qb6 27.Rd4 a5 28.Rd3 Nd5
29.Rf3 a4 30.Qf5 Qb2 31.Qg4 a3 32.Qa4 a2 33.Ra3 Nc3 34.Qa5 b5
35.Qa6 Na4 0-1

[Event "Washington Class Championships"]
[Site "SeaTac City, WA"]
[Date "2011.11.27"]
[Round "5"]
[White "Kalina Chris  (MN)"]
[Black "Feng Roland  (WA)"]
[Result "1/2-1/2"]
[WhiteElo "2131"]
[BlackElo "2145"]
[Annotator ""]
[Source ""]
[Remark "Master"]

1.d4 Nf6 2.Nf3 g6 3.b3 Bg7 4.Bb2 O-O 5.Nbd2 d5 6.e3 b6 7.Be2
Ba6 8.O-O Bxe2 9.Qxe2 Nbd7 10.c4 e6 ( 10...c6 11.Rac1 e6 12.Rc2
c5 13.Rfc1 Re8 14.Ne5 Nxe5 15.dxe5 Nd7 16.f4 Qc7 17.e4 d4 18.Nf3
Rad8 19.Qd3 Qb7 20.Rf1 f6 21.exf6 Nxf6 22.Re2 Nh5 23.Bc1 Rf8
24.g3 Nf6 25.e5 Ng4 26.Ng5 Qd7 27.Ne4 Qc6 28.Rfe1 Nh6 29.Nd6
Nf5 30.Ne4 a6 31.g4 Nh6 32.Rg2 Rf7 33.Qf3 Kh8 34.Qd3 Rdf8 35.g5
Nf5 36.Nf6 Bxf6 37.exf6 b5 38.cxb5 axb5 39.Qe4 Qxe4 40.Rxe4 c4
41.bxc4 bxc4 42.Rxe6 c3 43.Rc6 Rb7 44.Ba3 Ra8 45.Rc2 Kg8 46.Bc1
Kf7 47.Kf2 Re8 48.a4 Ne3 49.Bxe3 Rxe3 50.Re2 Rxe2+ 51.Kxe2 Rb2+
52.Kd3 Rd2+ 53.Ke4 c2 54.a5 d3 55.a6 Rd1 56.a7 d2 57.Rxc2 Re1+
58.Kd3 d1Q+ 59.Rd2 Qb3+ 60.Kd4 Qe3+ 61.Kc4 Rc1+ {0-1, Pekin Yusuf Burak (TUR) - Uysal Necmi, Kusadasi (Turkey) 2004.03.05}
) 11.Rac1 c5 12.Rfd1 Ne4 13.Nxe4 dxe4 14.Ne5 Nxe5 15.dxe5 Qg5
16.Rd7 Rfd8 17.Rcd1 Rxd7 18.Rxd7 Rd8 19.Qd2 Rxd7 20.Qxd7 Bxe5
21.h4 Qf5 22.Bxe5 Qxe5 23.Qxa7 Qa1+ 24.Kh2 Qf6 25.Qb8+ Kg7 26.Qf4
Qxf4+ 27.exf4 f5 28.Kg1 Kf6 29.Kf1 e5 30.g3 exf4 31.gxf4 h6 32.f3
g5 33.hxg5+ hxg5 34.fxg5+ Kxg5 35.fxe4 fxe4 36.Ke2 Kf5 37.a3
e3 38.b4 cxb4 39.axb4 Ke4 40.c5 bxc5 41.bxc5 Kd5 42.Kxe3 Kxc5 1/2-1/2

[Event "Washington Class Championships"]
[Site "SeaTac City, WA"]
[Date "2011.11.27"]
[Round "5"]
[White "Bishop Alan  (WA)"]
[Black "Doknjas John  (CAN)"]
[Result "1-0"]
[WhiteElo "2029"]
[BlackElo "1903"]
[Annotator ""]
[Source ""]
[Remark "Expert"]

1.e4 c5 2.Nf3 d6 3.d4 cxd4 4.Nxd4 Nf6 5.Nc3 a6 6.f3 e5 7.Nb3
Be6 8.Be3 Be7 9.Qd2 O-O 10.O-O-O Nbd7 11.g4 b5 12.Nd5 Bxd5 13.exd5
Nb6 14.Bxb6 Qxb6 15.Na5  Nxd5 16.Qxd5 Qxa5 17.Bc4 Rac8
18.Bb3 Qb6 19.Kb1 a5 20.Qd3 a4 21.Bd5 b4 22.h4 a3 23.g5 g6 24.h5
Kg7 25.f4 exf4 {?} 26.hxg6 Bxg5 27.Rxh7+ Kf6 28.Bxf7 Rh8 29.Qd5
Rxh7 30.Qe6+ Kg7 31.gxh7 Qd8 32.Qg6+ Kh8 33.Rxd6 Qxd6 34.Qg8+
1-0

[Event "Washington Class Championships"]
[Site "SeaTac City, WA"]
[Date "2011.11.26"]
[Round "4"]
[White "Roper David  (WA)"]
[Black "Sohal Tanraj  (CAN)"]
[Result "1/2-1/2"]
[WhiteElo "2257"]
[BlackElo "2059"]
[Annotator ""]
[Source ""]
[Remark "Master"]

1.e4 c5 2.Nf3 Nc6 3.c3 d5 4.exd5 Qxd5 5.d4 Nf6 6.Be2 e6 7.O-O
Be7 8.Na3 O-O 9.Nc4 cxd4 10.Nxd4 Nxd4 ( 10...Rd8 11.Be3 b5 12.Bf3
Ne4 13.Nd2 f5 14.Qb1 Nxd4 15.Bxd4 Bb7 16.Re1 Qd6 17.Nxe4 fxe4
18.Bxe4 Bxe4 19.Qxe4 Kf7 20.Qxh7 Rg8 21.Qh5+ Kf8 22.Re3 Bf6 23.Bc5
{1-0, Schmittdiel Eckhard (GER) 2430 - Traut Gerhard, Germany 1987} )
11.cxd4 Qd8 12.Bf4 Nd5 13.Bg3 b6 14.Ne5 Bb7 15.Bf3 Bd6 16.Rc1
Bxe5 17.Bxe5 Qd7 18.Qd2 Rac8 19.h3 Ne7 20.Bxb7 Qxb7 21.Rxc8 Rxc8
22.Rc1 Nd5 1/2-1/2

[Event "Washington Class Championships"]
[Site "SeaTac City, WA"]
[Date "2011.11.26"]
[Round "4"]
[White "Naess Maria  (WA)"]
[Black "Li Terrance  (WA)"]
[Result "1-0"]
[WhiteElo "1091"]
[BlackElo "1158"]
[Annotator ""]
[Source ""]
[Remark "E"]

1.e4 c5 2.d4 cxd4 3.c3 dxc3 4.Nxc3 Nf6 5.Bc4 d6 6.Nf3 g6 7.O-O
Bg7 8.Be3 Nc6 9.Rc1  O-O 10.Qd2 Ng4 11.Bf4 Na5 12.Be2
Re8 13.h3 Nf6 14.Bh6 Bh8 15.Bb5 Bd7 16.Bxd7 Nxd7 17.Nd5 Rc8 18.Rxc8
Qxc8 19.Qxa5 Qc2 20.Qd2 Qxe4 21.Nc3 Qc6 22.Rc1 Qb6 23.Be3 Qa5
24.a3 Rc8 25.Ne4 Qxd2 26.Bxd2 Rxc1+ 27.Bxc1 Nc5 28.Nxc5 dxc5
29.b3 b5 30.Be3 c4 31.Nd2 c3 32.Ne4 c2 33.Bc1 Bd4 34.Kf1 f5 35.Ng3
Bc5 36.a4 bxa4 37.bxa4 e5 38.Ke2 Kf7 39.f3 Bb4 40.Kd3 Be1 41.Ne2
Kf6 42.Kxc2 1-0